Moderní úpravy silničních vozovek

Hlavní autor: Skrčený-Skalský, Jiří
Jazyk: Neurčený, nezjistitelný
Vydáno: Praha : vl. n., 1932
Knihy
Uloženo v:
LEADER 00544nam a2200193 a 4500
001 000006645
003 CZ BrMZK
005 19940607143423.0
007 ta
008 940525s1932 xr f und d
020 |c 30.00 
040 |a BOA001  |b cze 
100 1 |a Skrčený-Skalský, Jiří 
245 1 0 |a Moderní úpravy silničních vozovek 
260 |a Praha :  |b vl. n.,  |c 1932 
541 |a Brno, TK 
910 |a BOA001  |b 2-0999.371 
990 |a BK 
996 7 |b 2610008814  |c 2-0999.371  |l MZK  |r Sklad / do 1 hodiny  |n 0  |p dar  |w 000006645  |u 000010  |a 1  |e BOA001  |j MZK50  |s A